Sports Quiz

Random Sports or Color Quiz
Score 0/20 Timer 05:00
0 Plays Today
Team and given colors Answer % Correct
MLB: Cincinnati Reds ....... (Black, White)red
74%
MLS: Los Angeles Galaxy ....... (Collegiate Navy, Blue, Gold, White)gold
74%
NFL: Baltimore Ravens ....... (Black, Purple, White)metallic gold
66%
MLB: Boston Red Sox ....... (Red, White)midnight navy
62%
MLB: Oakland Athletics ....... (Gold, White)green
62%
NFL: Cleveland Browns ....... (Brown White)orange
60%
MLS: Sporting Kansas City ....... (Sporting Blue, Lead, White)dark indigo
58%
NBA: Dallas Mavericks ....... (Navy, Silver, White)light royal
54%
NHL: Colorado Avalanche ....... (Burgundy, Black, Silver, White)steel blue
54%
NFL: Buffalo Bills ....... (Royal Blue, White, Navy)scarlet red
52%
Team and given colors Answer % Correct
NBA: Los Angeles Lakers ....... (Gold, White)royal purple
52%
NHL: Phoenix Coyotes ....... (Brick Red, White, Black)desert sand
52%
NBA: Milwaukee Bucks ....... (Dark Red, Silver, White)hunter green
52%
NHL: Pittsburgh Penguins ....... (Black White)vegas gold
50%
NFL: Detroit Lions ....... (Silver, Black, White)honolulu blue
50%
MLB: San Diego Padres ....... (Navy, White)sand
50%
MLS: FC Dallas ....... (Republic Red, Bovine Blue, Shawnee Silver)lonestar white
48%
MLS: Seattle Sounders ....... (Rave Green, Capital Blue, White)cascade shale
46%
NBA: Utah Jazz ....... (Navy, Dark Green, White)dark yellow
42%
NHL: San Jose Sharks ....... (Black, Burnt Orange, White)Deep Pacific Teal
42%
Remove Ads.
Support Sporcle.
Get the best of Sporcle when you Go Orange. This ad-free experience offers more features, more stats, and more fun while also helping to support Sporcle. Thank you for becoming a member.

You're not logged in!

Compare scores with friends on all Sporcle quizzes.
OR
Log In

Show Comments

Extras

Top Quizzes Today


Score Distribution

Your Account Isn't Verified!

In order to create a playlist on Sporcle, you need to verify the email address you used during registration. Go to your Sporcle Settings to finish the process.

Report this User

Report this user for behavior that violates our Community Guidelines.

Details: